| 000 | | | 04465nac2a22003133x 450 |
| 001 | | | 0d8f0add-fcac-4b4d-be7a-7743dbdad9fe |
| 005 | | | 20230630193236.0 |
| 100 | ## | $a | 20230605l19291930k y0rusy50 ca |
| 101 | 0# | $a | rus |
| | $a | uzb |
| 102 | ## | $a | RU |
| 105 | ## | $a | y z ||||| |
| 122 | 2# | $a | d19291217 |
| | $a | d19300112 |
| 200 | 1# | $a | О назначении Карпа В. Б. доцентом Средне-Азиатского Государственного Университета |
| | $j | 17.12.1929 - 12.01.1930 |
| 215 | ## | $a | 5 листов |
| | $d | 36,8 х 24 |
| 251 | ## | $c | Дело |
| 300 | ## | $a | Заголовок дела на папке: О назначении Карпа Б. Б. доцентом САГУ |
| 300 | ## | $a | В деле обратная нумерация листов |
| 300 | ## | $a | Лист: 4 - поврежденный |
| 300 | ## | $a | Часть текста на узбекском языке |
| 300 | ## | $a | Часть текста машинописная и рукописная, часть - напечатана типографским способом |
| 461 | #0 | $1 | 001796d4672-8a00-4986-b488-6e42273792cc |
| | $1 | 2001 |
| | $a | ЦЕНТРАЛЬНЫЙ ИСПОЛНИТЕЛЬНЫЙ КОМИТЕТ СССР (ЦИК СССР). |
| | $1 | 251 |
| | $c | Фонд |
| | $1 | 852 |
| | $g | Р |
| | $j | 3316 |
| 462 | #0 | $1 | 0016e6e8ba4-e15f-4ad4-8937-f1e88c150bfe |
| | $1 | 2001 |
| | $a | Дела Секретариата Президиума ЦИК Союза ССР. 1929 г. |
| | $v | Д. 1135 |
| | $1 | 251 |
| | $c | Опись |
| | $1 | 852 |
| | $j | 22 |
| 517 | 1# | $a | О назначении Карпа Б. Б. доцентом САГУ |
| 600 | #1 | $a | Карп |
| | $b | Б. Б. |
| 601 | 01 | $3 | RU\NLR\AUTH\880357276 |
| | $a | СССР |
| | $b | ЦИК |
| 601 | 02 | $3 | RU\NLR\AUTH\889946709 |
| | $a | Ташкентский университет им. В. И. Ленина |
| 801 | #0 | $a | RU |
| | $b | GA_RF |
| 801 | #1 | $a | RU |
| | $b | ГлавНИВЦ |
| | $c | 20230605 |
| | $2 | rusmarc |
| 801 | #2 | $a | RU |
| | $b | ПБ им. Б.Н. Ельцина |
| | $c | 20230630 |
| | $g | RCR |
| | $2 | rusmarc |
| 852 | ## | $a | ГА РФ |
| | $j | 1135 |
| 937 | ## | $d | 185904509 |
| | $h | ГАРФ |
| 035 | ## | $a | RuPRLIB51072177 |
| 856 | ## | $u | http://readingroom.main.prlib.ru/item.aspx?id_node=n185904509&mode=full |